| 000 | 00911nam a2200313 i 4500 | ||
|---|---|---|---|
| 003 | EG-GICUC | ||
| 005 | 20260121101518.0 | ||
| 008 | 251217s2000 fr ||||fr ||| 00| 0 fre d | ||
| 020 | _a9782247080168 | ||
| 040 |
_aEG-GICUC _cEG-GICUC _dEG-GICUC _erda _bfre |
||
| 041 | 0 | _afre | |
| 082 | 0 | 4 |
_221 _a341.3 _bGO . R |
| 092 | 0 | 4 | _221 |
| 099 | _aLaw1 11 341.3 GO . R 2000 | ||
| 100 | 1 |
_aGounelle,Max _eAuteur |
|
| 245 | 1 | 2 |
_aRelations Internationales / _cMax Gounelle . |
| 250 | _a8 edition | ||
| 264 | 0 |
_aParis : _bDalloz , _c2000 . |
|
| 300 |
_a209 Pages; _c30 cm. |
||
| 336 |
_atext _2rda content |
||
| 337 |
_aComputer _2rda media |
||
| 338 |
_aOnline Resource _2rda carrier |
||
| 546 | _aTexte en français | ||
| 650 | 0 | 4 | _aDroit international public |
| 650 | 0 | 4 | _aRelations internationales |
| 856 | _uhttps://fll.law.cu.edu.eg/fulltext/th/B11-05178.pdf | ||
| 905 | _a59 | ||
| 942 |
_2ddc _cBK _e21 _n0 |
||
| 999 |
_c51273 _d51273 |
||